00688nam a22002057a 450000500170000000800410001701000140005802000260007203500130009803700130011104000130012408200060013710000190014324501730016226000200033527000540035530000280040970000240043770000210046120100610110414.0100610t xxu||||| |||| 00| 0 eng d aENG-96332 a9789380283180c295.00 aEN-79865 bDBAD/PUB aDPLbEng aS aCanfield, Jack aChicken soup for the Indian armed forces soul :b101 stories of service, selflessness and personal courage /cby Jack Canfield, Mark Victor Hansen [and] Raksha Bharadia aNew Delhic2009 a47, Brij Mohan Road, DaryaganjbNew Delhie110002 axi, 360p.c22 cm. (Pbk) aHansen, Mark Victor aBharadia, Raksha